Marry me : [illuminated proposals of marriage by lesbian artists] /

সংরক্ষণ করুন:
গ্রন্থ-পঞ্জীর বিবরন
অন্যান্য লেখক: Crichton, E.G
বিন্যাস: গ্রন্থ
ভাষা:ইংরেজি
প্রকাশিত: [USA : s.n., 2015]
ট্যাগগুলো: ট্যাগ যুক্ত করুন
কোনো ট্যাগ নেই, প্রথমজন হিসাবে ট্যাগ করুন!

MARC

LEADER 00000nam a22000007i 4500
001 IT\ICCU\UBO\4188802
003 ItRI
005 20260115232245.0
008 160628s2015 xxu|||||| ||||| |||||c
040 |b ita  |c importazione bologna sebina 
041 7 |a eng  |2 ISO-639-2 
245 0 0 |a Marry me :  |b [illuminated proposals of marriage by lesbian artists] /  |c created by E.G. Crichton. 
260 |a [USA :  |b s.n.,  |c 2015] 
300 |a 1 volume (senza paginazione) :  |b in gran parte ill. ;  |c 28x33  
500 |a In collaboration with Leslie Lohman Museum for the exhibition Archivi Migranti. Surrogates from elesewhere at the Museo d'Arte Moderna, Bologna. 
700 1 |a Crichton, E.G.  |0 IT\ICCU\UBOV\420868 
942 |2 ddc  |c BK  |n 0 
952 |0 0  |1 0  |4 0  |6 L_704_086000000000000_CRI  |7 0  |9 23082  |a BO  |b BO  |d 2026-01-15  |i 18178  |l 0  |o L 704.086 CRI  |p BO18178  |r 2026-01-15 23:22:45  |w 2026-01-15  |x [Sebina 7] [1 v.]  |y BK  |z 1 v. 
999 |c 19686  |d 19686